Cahiers du Centre Interdisciplinaire de Recherche en Histoire, Langues et Littératures
| Subtitles: | CIRHILLa Cahiers Interdisciplinaires de Recherche en Histoire, Lettres, Langues et Arts Cahiers du CIRHiLL |
|---|---|
| Corporate Author: | |
| Format: | Print Series/Journal |
| Language: | French |
| Subito Delivery Service: | Order now. |
| Check availability: | HBZ Gateway |
| WorldCat: | WorldCat |
| Interlibrary Loan: | Für eine Fernleihe wählen Sie bitte zuerst einen Band oder Aufsatz aus. |
| Published: |
Paris [u.a.]
L'Harmattan [u.a.]
1994-
|
| In: | Year: 1994 |
| Further subjects: | B
Publication series
|
MARC
| LEADER | 00000cas a2200000 c 4500 | ||
|---|---|---|---|
| 001 | 601004728 | ||
| 003 | DE-627 | ||
| 005 | 20250604144457.0 | ||
| 007 | tu | ||
| 008 | 090603c19949999fr z| m| 0 |0fre c | ||
| 016 | 7 | |a 994445482 |2 DE-101 | |
| 016 | 7 | |a 2496876-6 |2 DE-600 | |
| 022 | |a 1269-9942 | ||
| 035 | |a (DE-627)601004728 | ||
| 035 | |a (DE-576)511467567 | ||
| 035 | |a (DE-599)ZDB2496876-6 | ||
| 035 | |a (OCoLC)724076873 | ||
| 040 | |a DE-627 |b ger |c DE-627 |e rakwb | ||
| 041 | |a fre | ||
| 044 | |c XA-FR | ||
| 082 | 0 | 4 | |a 900 |a 800 |q DE-600 |
| 110 | 2 | |e Verfasser |0 (DE-588)5164898-2 |0 (DE-627)191791512 |0 (DE-576)195573080 |4 aut |a Université catholique de l'Ouest |b Centre interdisciplinaire de recherches en histoire, lettres et langues | |
| 245 | 1 | 0 | |a Cahiers du Centre Interdisciplinaire de Recherche en Histoire, Langues et Littératures |
| 246 | 1 | |i Nebent. |a Cahiers du CIRHiLL | |
| 246 | 1 | |i Nebent. |a CIRHILLa | |
| 246 | 1 | |i Nebent. |a Cahiers Interdisciplinaires de Recherche en Histoire, Lettres, Langues et Arts | |
| 247 | 1 | 0 | |a Cahiers du Centre Interdisciplinaire de Recherches en Histoire, Lettres et Langues |f Hauptsacht. bis 24.2001 |
| 264 | 3 | 1 | |a Paris [u.a.] |b L'Harmattan [u.a.] |c 1994- |
| 336 | |a Text |b txt |2 rdacontent | ||
| 337 | |a ohne Hilfsmittel zu benutzen |b n |2 rdamedia | ||
| 338 | |a Band |b nc |2 rdacarrier | ||
| 362 | 0 | |a 13.1994 - | |
| 363 | 0 | 1 | |a 13 |i 1994 |
| 601 | |a Recherche | ||
| 655 | 7 | |a Monografische Reihe |0 (DE-588)4179998-7 |0 (DE-627)104628669 |0 (DE-576)209995106 |2 gnd-content | |
| 889 | |w (DE-603)212501887 | ||
| 935 | |i sdedup20220301 | ||
| 951 | |a ST | ||
| ELC | |b 1 | ||
| ORI | |a SA-MARC-ixtheo_ob001.raw | ||
| REL | |a 1 | ||
| SPR | |a 1 |t IXT | ||
| SUB | |a REL | ||



